000 00518nam a2200217Ia 4500
003 OSt
005 20220928135415.0
006 a|||||r|||| 00| 0
007 ta
008 220927b |||||||| |||| 00| 0 eng d
024 _a1958
037 _cTextual
040 _aSDCL
_cSDCL
_beng
041 _2eng
_aeng
082 _aO-:gN, N4
100 _aBhabha Homi K
_9490451
245 0 _aLocation of culture
260 _c1994
942 _hO-:gN, N4
_cTEXL
_2CC
999 _c805770
_d805770